Statistics for Shows In The Arrowverse

Click here to take the quiz!

General Stats

  • This quiz has been taken 151 times
    (142 since last reset)
  • The average score is 5 of 8

Answer Stats

Answer% Correct
The Flash
99%
Arrow
98%
Supergirl
98%
Batwoman
74%
Vixen
52%
DCs Legends of Tomorrow
47%
Constantine
46%
Freedom Fighters The Ray
16%

Score Distribution

Percentile by Number Answered

Percent of People with Each Score

Your Score History

You have not taken this quiz since the last reset